Trente Arpents

Сохранить в:
Библиографические подробности
Главный автор: Ringuet
Формат:
Язык:Undetermined
Опубликовано: Montreal, Canadá Fides 1978
Предметы:
Метки: Добавить метку
Нет меток, Требуется 1-ая метка записи!

MARC

LEADER 00000nam a2200000Ia 4500
008 170316s9999 xx 000 0 und d
040 |a cru BVZT 
090 |a 818 R-4t 
100 |a Ringuet 
245 |a Trente Arpents 
260 |a Montreal, Canadá 
260 |b Fides 
260 |c 1978 
300 |a 328 páginas 
650 |a LITERATURA CANADIENSE 
999 |c 6630  |d 6630 
942 |c 15 D  |h 818 R-4t  |2 z